000 00960cam a22002415a 4500
001 L143166
008 080414s2008 xxk df 000 0 eng d
020 _a9781904829720
035 _a(Sirsi) u143166
041 0 _aeng
050 0 4 _a690.24 $2 18
110 2 _aBuilding Cost Information Service
_91096
245 0 0 _aOccupancy costs of hotel buildings
260 _aLondon
_bBCIS
_c2008
300 _a87p.
_c30cm.
490 0 _aBMI Special Report
_v367
520 _aEstimates the total occupancy costs over a 20 year period for two hotels. Shows the projected annual occupancy costs for two schemes which should provide a strategic benchmark for similar buildings. Includes projected annual expenditure charts and detailed estimates for individual elements and components.
521 2 _aAdvanced
651 4 _aUnited Kingdom
_y
690 _aBUILT ENVIRONMENT-BUILDING COSTS
690 _aPROPERTY-PROPERTY MANAGEMENT-OCCUPANCY COSTS
942 _n0
999 _c108091
_d108091